| 000 | 00630nam a2200205 4500 | ||
|---|---|---|---|
| 003 | OSt | ||
| 005 | 20240726042518.0 | ||
| 006 | a | ||
| 008 | 240725b |||||||| |||| 00| 0 eng d | ||
| 020 | _a9710489701 | ||
| 040 |
_aDWCL-Main lib. _cOC |
||
| 082 | _aFil. 657.45 C117a 2010 | ||
| 100 | _aCabrera, Ma. Elenita Balatbat | ||
| 245 | _aAssurance principles, professional ethics and good governance / | ||
| 260 |
_aManila : _bGIC enterprises and co. , Inc. , _cc2010. |
||
| 300 |
_axxiii, _b1286 p. ; _c23 cm. |
||
| 504 | _aIncludes Bibliographical references. | ||
| 650 | _a1. Auditing. | ||
| 942 |
_2ddc _n0 _cBK - FIL _kFil. |
||
| 999 |
_c2697 _d2697 |
||